MARC details
| 000 -CABECERA |
| campo de control de longitud fija |
01128nam a2200289 a 4500 |
| 005 - FECHA Y HORA DE LA ÚLTIMA TRANSACCIÓN |
| campo de control |
20230826063546.0 |
| 008 - ELEMENTOS DE LONGITUD FIJA--INFORMACIÓN GENERAL |
| campo de control de longitud fija |
991125s1996 mx 000 0 spa u |
| 035 ## - NÚMERO DE CONTROL DEL SISTEMA |
| Número de control de sistema |
UPN01000003771 |
| 049 ## - COLECCIÓN |
| Colección |
TES |
| 099 ## - CLASIFICACIÓN LOCAL |
| Clasificación local |
13054 |
| 245 00 - MENCIÓN DE TÍTULO |
| Título |
Aplicación del sistema de numeración decimal en la sustracción / |
| Mención de responsabilidad, etc. |
Raquel Alvarez Ramos ... [et al.]. |
| 260 ## - PUBLICACIÓN, DISTRIBUCIÓN, ETC. |
| Lugar de publicación, distribución, etc. |
Mazatlán, Sin. : |
| Nombre del editor, distribuidor, etc. |
R. Alvarez Ramos, |
| Fecha de publicación, distribución, etc. |
1996. |
| 300 ## - DESCRIPCIÓN FÍSICA |
| Extensión |
111 h. |
| 500 ## - NOTA GENERAL |
| Nota general |
"Unidad 252" |
| 502 ## - NOTA DE TESIS |
| Nota de tesis |
Tesis (Lic. en Educación Primaria) -- Universidad Pedagógica Nacional, 1996 |
| 590 ## - NOTA LOCAL (RLIN) |
| Nota local |
Tesis colectiva de: R. Alvarez R., L. Barrón S., S. López L., L.L. Navarro T., M.J. Sánchez S. |
| 650 #4 - ASIENTO SECUNDARIO DE MATERIA - TERMINO TEMATICO |
| Término de materia o nombre geográfico como elemento de entrada |
Aritmética |
| Subdivisión general |
Estudio y enseñanza (Elemental) |
| 9 (RLIN) |
5289 |
| 650 #2 - ASIENTO SECUNDARIO DE MATERIA - TERMINO TEMATICO |
| Término de materia o nombre geográfico como elemento de entrada |
Numeración |
| 9 (RLIN) |
26 |
| 650 #4 - ASIENTO SECUNDARIO DE MATERIA - TERMINO TEMATICO |
| Término de materia o nombre geográfico como elemento de entrada |
RESTA |
| 700 1# - ASIENTO SECUNDARIO--NOMBRE DE PERSONAL |
| Nombre de persona |
Alvarez Ramos, Raquel, |
| Término indicativo de función/relación |
coaut. |
| 700 1# - ASIENTO SECUNDARIO--NOMBRE DE PERSONAL |
| Nombre de persona |
Barrón Seguame, Lucina, |
| Término indicativo de función/relación |
coaut. |
| 700 1# - ASIENTO SECUNDARIO--NOMBRE DE PERSONAL |
| Nombre de persona |
López, Lorena Soledad, |
| Término indicativo de función/relación |
coaut. |
| 700 1# - ASIENTO SECUNDARIO--NOMBRE DE PERSONAL |
| Nombre de persona |
Navarro Tirado, Luz Lilián, |
| Término indicativo de función/relación |
coaut. |
| 700 1# - ASIENTO SECUNDARIO--NOMBRE DE PERSONAL |
| Nombre de persona |
Sánchez Salaiza, María de Jesús, |
| Término indicativo de función/relación |
coaut. |
| 710 2# - ASIENTO SECUNDARIO - NOMBRE CORPORATIVO |
| Nombre de entidad corporativa o nombre de jurisdicción como elemento de entrada |
Universidad Pedagógica Nacional (México). |
| Unidad subordinada |
Unidad 252 |
| 9 (RLIN) |
28463 |
| 905 ## - TIPO DE MATERIAL |
| Tipo de material |
Tesis |